Reußenkrone, Hakenkreuz und Roter Stern : (Titelsatznr. 3825)
[ MARC ]
| 000 -Satzkennung | |
|---|---|
| Kontrollfeld mit fester Länge | 00549nam a22001931c 4500 |
| 001 - Kontrollnummer | |
| Kontrollfeld | 00126907137 |
| 008 - Feld mit fester Länge zur physischen Beschreibung - Allgemeine Angaben | |
| Kontrollfeld mit fester Länge | 051003s1999 gw |||| 000u ger d |
| 020 ## - Internationale Standardbuchnummer | |
| Internationale Standardbuchnummer | 3525362439 |
| Verknüpfung | 3-525-36243-9 |
| 041 ## - Sprachcode | |
| Sprachcode des Textes/der Tonspur oder des separaten Titels | ger |
| 040 ## - Katalogisierungsquelle | |
| Übertragungsstelle | RU-10907106 |
| 003 - Kontrollnummer Identifier | |
| Kontrollfeld | RU-10907106 |
| 100 1# - Haupteintragung - Personenname | |
| Personenname | Geyer, Dietrich |
| 245 00 - Titel | |
| Titel | Reußenkrone, Hakenkreuz und Roter Stern : |
| Zusatz zum Titel | ein autobiographischer Bericht / |
| Verfasserangabe etc. | Dietrich Geyer |
| 264 ## - Produktion, Veröffentlichung, Distribution, Herstellung und Urheberrechtsvermerk | |
| Herstellungs-, Veröffentlichungs- Vertriebs-, Erzeugungsort | Göttingen : |
| Produzent, Herausgeber, Distributor, Hersteller | Vandenhoeck & Ruprecht, |
| Datum der Herstellung, der Veröffentlichung, des Vertriebs oder des Urheberschutzvermerks | 1999 |
| 300 ## - Physische Beschreibung | |
| Umfang | 152 S. |
| 600 #0 - Nebeneintragung unter einem Schlagwort - Personenname | |
| Personenname | Geyer, Dietrich |
| 650 #0 - Nebeneintragung unter einem Schlagwort - Sachschlagwort | |
| Sachschlagwort oder geografischer Name als Eintragungselement | Autobiografie |
| 942 ## - Zusätzliche Felder (Koha) | |
| Koha-Medientyp | Monographien |
| Ausgeschieden | Verloren | Klassifikation oder Aufstellungssystematik | Beschädigt | Nicht entleihbar | Heimatbibliothek | Aufenthaltsbibliothek | Aufstellungsort | Erwerbungsdatum | Inventarnummer | Signatur | Barcode | Letzte Aktivität | Preis gültig von | Koha-Medientyp |
|---|---|---|---|---|---|---|---|---|---|---|---|---|---|---|
| Andere/Generische Klassifikation | MWN Osteuropa | MWN Osteuropa | Lesesaal | 03/10/2005 | 05-04482 | G 40 aD Gey | E004015073CA586B | 22/02/2021 | 22/03/2021 | Monographien |